000 00446nam a2200181Ia 4500
001 23961
005 20260414151012.0
008 260414t2013||||xx |||||||||||||| ||spa||
041 _aESP
082 _a726.5854
_bH21
100 _aHandley, Thérése M.
_eAUT
245 0 _aFe y arquitectura las iglesias de Arequipa
_b
260 _c2013
300 _a209 páginas :
_c33 cm.
650 _aABD
654 _aCAU
942 _cLIB
_dJUS
_fJUS
_2ddc
_n
999 _c23961
_d23961